Slovenské národné povstanie a naša socialistická súčasnosť

Bibliographic Details
Main Author: Moravický, František (Author)
Format: Article
Language:Slovak
Subjects:

MARC

LEADER 00000nab a2200000 a 4500
001 vtls000042133
003 SK-MaSNL
005 20260304005552.0
008 180409c1979 xo 0 slo
015 |a SNBRB19rr/mm-uuuuu 
035 |a CL0052228 
040 |a SNKBUCL  |b slo  |c SNKBUCL  |e AACR2 
041 0 |a slo 
044 |a xo  |c SK 
080 |a 943.76  |2 1981 
080 |a 323.(437.6)  |2 1981 
100 1 |a Moravický, František  |4 aut  |9 453026 
245 1 0 |a Slovenské národné povstanie a naša socialistická súčasnosť  |c František Moravický 
300 |b Obr. 4. 
650 0 7 |a Slovenské národné povstanie (1944)  |2 snkbucl  |9 177948 
650 0 7 |a protifašistický odboj  |2 snkbucl  |9 4751 
651 7 |a Bratislava (Slovensko)  |2 snkbucl 
655 7 |a články z novín a časopisov  |2 snkbucl  |9 267496 
773 0 |t Bratislava  |g Roč. 6, č. 3 (1979), s. 4-6 
850 |a Slovenská národná knižnica v Martine  |a MTA001 
852 |a SNK  |b KIS3GCP 
958 |a RK 
992 |a RBX 
999 |c 2556607  |d 2558537